| 000 | 00514nam a2200181Ia 4500 | ||
|---|---|---|---|
| 003 | GCL | ||
| 008 | 140319s9999 xx 000 0 ara d | ||
| 040 |
_aGCL / _cGCL |
||
| 082 | 0 | 4 |
_a595.7 _bع ح |
| 100 | 1 | _aعفيفى محمود | |
| 245 | 1 | 0 |
_aالحشرات والانسان / _cعفيفى محمود |
| 300 | _a112 ص | ||
| 490 |
_aالمكتبة الثقافية _v0 |
||
| 650 | 0 | 4 | _aالحشرات |
| 650 | 0 | 4 | _aالحشرات المنزلية |
| 650 | 0 | 4 | _aمكافحة الحشرات |
| 942 |
_2ddc _cBK |
||
| 999 |
_c38272 _d38272 |
||